000 00465nam a2200157Ia 4500
008 160316s1972 xxu||||| |||| 00| 0 eng d
082 _a327.110000
_bLER
100 _aLerche Charles O
245 _aConcepts of international politics
250 _a2nd
260 _aNew Delhi
_bPrentice Hall Inc.
_c1972
300 _a297p
_b
_c
365 _bRs.11/-
650 _a1.International Relations - International Politics - International Policy
700 _aSaid Abdul A
_a
999 _c6921
_d6921